Platby s účasťou akcií v kontexte interpretácie IFRIC 8

Otázka ako aplikovať ustanovenia IFRS 2 - Platby s účasťou akcií. Účtovná jednotka - zvláštne prípady. Princípy interpretácie IFRIC 8.

Saved in:
Bibliographic Details
Main Author: Tumpach, Miloš, 1970-
Format: Book Chapter
Language:Slovak
Subjects:
Tags: Add Tag
No Tags, Be the first to tag this record!

MARC

LEADER 00000naa$a2200000$$$4500
001 0043818
005 20240502071520.7
041 0 |a slo 
044 |a SK 
245 1 0 |a Platby s účasťou akcií v kontexte interpretácie IFRIC 8  |c Miloš Tumpach 
520 |a Otázka ako aplikovať ustanovenia IFRS 2 - Platby s účasťou akcií. Účtovná jednotka - zvláštne prípady. Princípy interpretácie IFRIC 8. 
610 2 0 |a akcie 
610 2 0 |a hodnota reálna 
610 2 0 |a jednotka účtovná 
610 2 0 |a IFRIC 8 
100 1 |a Tumpach, Miloš, 1970-